| 000 | 00518nam a2200193Ia 4500 | ||
|---|---|---|---|
| 003 | BUBTL | ||
| 008 | 151213s9999 xx 000 0 und d | ||
| 082 |
_a658 _bICAB |
||
| 100 | _aI C A B | ||
| 245 |
_aBangladesh Financial Reporting Standards Volume-1 ( B F R S) _cI C A B |
||
| 260 |
_aDhaka _bI C A B _c2009 |
||
| 300 |
_a360p . : _b22cm . _cFinance . |
||
| 650 | 0 |
_aFinance _918 |
|
| 650 | _aB F R S | ||
| 700 | _aI C A B | ||
| 856 |
_k0 _l0 _yDownload |
||
| 942 |
_2ddc _cBK |
||
| 999 |
_c3744 _d3744 |
||